000 00346nam a2200097Ia 4500
008 220204s9999 xx 000 0 und d
082 _aNR:061(540)
_bRUB
245 0 _aRubber in Tripura: Golden jubilee of rubber plantation in Tripura (1963-2013). Souvenir
260 _aAgartala
_bRubber Board Employees Multi-purpose Co-operative
_c2014
942 _cBK
999 _c44662
_d44662